Movies Quiz

Random Movies Quiz

Parting Shots III Quiz Stats

Quiz Updated Apr 3, 2018

Also try: Parting Shots
Challenge
Share
Tweet
Score 0/20 Timer 05:00
1 Play Today
# Movie % Correct
5Superman
95.8%
1Star Wars Episode Four: A New Hope
94.1%
4Pirates of the Caribbean: Curse of the Black Pearl
82.9%
18Mary Poppins
82.9%
11Forrest Gump
81%
16Ferris Bueller's Day Off
71.2%
14Titanic
67.4%
19The Sound of Music
67.1%
12Schindler's List
58.1%
13Saving Private Ryan
52.2%
# Movie % Correct
6Spider-Man
50.2%
8Citizen Kane
49.2%
10The Simpsons Movie
48.5%
20Gone With the Wind
42.3%
7Fargo
37.6%
17Brokeback Mountain
26.7%
3Ghost
16%
9A Nightmare on Elm Street
14%
15Blazing Saddles
13%
2Crouching Tiger, Hidden Dragon
12.9%

You're not logged in!

Compare scores with friends on all Sporcle quizzes.
Sign Up with Email
OR
Log In

You Might Also Like...

Show Comments

Extras

Top Quizzes Today


Score Distribution

Your Account Isn't Verified!

In order to create a playlist on Sporcle, you need to verify the email address you used during registration. Go to your Sporcle Settings to finish the process.

Report this User

Report this user for behavior that violates our Community Guidelines.

Details: